01086 a2200217 45000010006000000050017000060080041000230030015000640400040000790800039001192450026001582640036001843000019002205050387002391000018006267000019006447000029006637000019006927000028007118560129007392608120260407155543.0260407a1969 arg spa dAR-UNSa-BCEJYS aAR-UNSa-BCEJYSbspacAR-UNSa-BCEJYS a657.6xAuditoria (control interno)10aAuditoria Analítica 1aBuenos Aires :bPROINVERTc1969 a211 p.c23 cm. a1. Introducción - 2. Objetivos de la auditoría analítica - 3. Teoría de la auditoría analítica - 4. Trazado de cursogramas - 5. La auditroría de sistemas - 6. La auditoría de seguimiento - 7. Ejemplos de secciones de sistemas - 8. Cómo mejorar las técnicas de diagramación - 9. Aplicación a sistemas de tarjetas perforadas. Electrónicos - 10. Conclusión.1 aSkinner, R.M.1 aAnderson, R.J.1 aBocardi, Enrique Ricardo1 aMora, Graciela1 aChapman, William Leslie41uhttps://biblioeco.unsa.edu.ar/pmb/images/libros/Auditoria Anal?tica Skinner, R.M. (1969).jpgyImagen de portadaqimage/jpeg